| 000 | 00588nam a2200169 a 4500 | ||
|---|---|---|---|
| 005 | 20140412111304.0 | ||
| 008 | 010116s19uu xx 00 eng d | ||
| 050 |
_aM 398.2 _bL32 1994 |
||
| 100 | _aLarkin, Rochelle | ||
| 245 |
_aGreat illustrated aesop's fables: / _cadapted by Rochelle Larkin ; illustrated by Lorn Tomei. |
||
| 260 |
_aNew York : _bBaronet Books, _c1994. |
||
| 300 | _a236 p. ; ill. | ||
| 500 | _aThe Tortoise and the Hare -- The Fox and the Grapes -- The Boy Who Cried Wolf -- and other stories | ||
| 650 | _aFables | ||
| 650 | _aChildren stories | ||
| 999 |
_c103566 _d103566 |
||